000 01102nam0a22002891 4500
001 rc\3344385
005 20260407142159.0
021 _aRU
_bРг1492-75
035 _a(NLR Aleph) 007432661
090 _a7032155
_c7032155
100 _a20130115d1974 |||y0rusy50 ca
101 0 _arus
102 _aRU
105 _aa b |||||
200 1 _aТрансформатор тока (типа) ТВВГ24-1
_e[Каталог]
_fИзготовитель: Ленингр. науч.-произв. объединение "Электроаппарат"
210 _aМосква
_cБ. и.
_d[1974]
215 _a3 с.
_cчерт.
_d30
225 1 _aИнформэлектро
_v02.13.79-74
309 _aБез тит. л. и обл.
517 0 _aТрансформатор тока ТВВГ24-1
532 1 3 _aТрансформатор тока типа ТВВГ24-1
712 0 2 _a"Электроаппарат", объединение
_cЛенинград
_9520804
_3RU\NLR\AUTH\8810011548
801 0 _aRU
_bNLR
_gpsbo
801 1 _aRU
_bELAR
_2rusmarc
852 _aNLR
_bСВТЛ
942 _cBOOK
980 _aNB